Witness to Truth : A Video Report and Recommendations from the Sierra Leone Truth and Reconciliation Comission /
Conjunto de trabajos audiovisuales producidos y/o distribuidos por WITNESS, una organización internacional de promoción y defensa de los derechos humanos con sede en Nueva York. Witness to Truth [Testigo de la verdad] (2004) es resultado de una invitación que la Comisión de la Verdad y la Reconcilia...
Uloženo v:
| Korporativní autor: | |
|---|---|
| Další autoři: | , , , , , , |
| Médium: | |
| Vydáno: |
Nueva York, EUA : Freetown, Sierra Leona :
WITNESS ; Sierra Leone Truth and Reconciliation Commission,
2004, c2004
|
| Témata: | |
| Tagy: |
Žádné tagy, Buďte první, kdo vytvoří štítek k tomuto záznamu!
|
MARC
| LEADER | 00000ngm^a2200000^a^4500 | ||
|---|---|---|---|
| 001 | 000262112 | ||
| 005 | 20250521000000.0 | ||
| 009 | 20260310110531.137 | ||
| 037 | |a Acervo ITESO - Biblioteca | ||
| 041 | |a OTR | ||
| 082 | |a 323. |b WIT V. 5 | ||
| 110 | |a Sierra Leona. |b Truth and Reconciliation Comission | ||
| 245 | 1 | 0 | |a Witness to Truth : |b A Video Report and Recommendations from the Sierra Leone Truth and Reconciliation Comission / |c Sierra Leone Truth and Reconciliation Comission ; realización de G. Caldwell. |
| 246 | 2 | |a Título en México: no conocido/no identificado | |
| 246 | 2 | |a Título alternativo en español: no conocido/no identificado | |
| 246 | 2 | |a Título en la pantalla: Witness to Truth: A Video Report and Recommendations from the Truth and Reconciliation Comission of Sierra Leone, 2004 | |
| 264 | 4 | |a Nueva York, EUA : |b WITNESS ; |a Freetown, Sierra Leona : |b Sierra Leone Truth and Reconciliation Commission, |c 2004, c2004 | |
| 264 | 2 | |a Nueva York, EUA : |b WITNESS [distribución], |c fecha no identificada | |
| 300 | |a 1 DVD sin dato de región (55 min.) : |b color+ |e 1 disco compacto de computadora | ||
| 336 | |a imagen móvil bidimensional |b tdi |2 rdacontenido | ||
| 337 | |a video |b v |2 rdamedio | ||
| 338 | |a videodisco |b vd |2 rdasoporte | ||
| 520 | |a Conjunto de trabajos audiovisuales producidos y/o distribuidos por WITNESS, una organización internacional de promoción y defensa de los derechos humanos con sede en Nueva York. Witness to Truth [Testigo de la verdad] (2004) es resultado de una invitación que la Comisión de la Verdad y la Reconciliación de Sierra Leona (TRC, por sus siglas en inglés) formuló a la organización neoyorkina a fines de 2003 para la producción de un video que acompañara al informe oficial de la Comisión, todo un hito en el uso de la documentación videográfica. Integrantes de WITNESS produjeron y editaron el informe audiovisual en estrecha colaboración con la TRC, que asumió la responsabilidad exclusiva sobre los contenidos del video, con base en registros grabados por la Comisión durante sus audiencias en 2003 y materiales de archivo procedentes de diversas fuentes. El producto audiovisual, que contiene imágenes altamente violentas, expone las causas, la historia militar y política de la guerra civil sierraleonesa de 1991-2002, así como sus consecuencias en diferentes sectores de la población (jóvenes, mujeres y niños), y un resumen de los hallazgos y recomendaciones clave del informe escrito, a fin de contribuir al desarrollo de una conciencia pública sobre los esfuerzos de construcción de la paz de la TRC y de impulsar a la sociedad civil de Sierra Leona a vigilar las recomendaciones vinculantes propuestas por la Comisión. | ||
| 520 | |a Suplementos y características especiales: 1) Disco compacto que contiene la versión íntegra, en lengua inglesa, del informe escrito de la Comisión. | ||
| 546 | |a En inglés y lenguas negroafricanas, con traducción simultánea al inglés | ||
| 649 | |a XX | ||
| 650 | |a Comisiones de la Verdad - |z Sierra Leona - |x Informes - |x Tema Principal | ||
| 650 | |a Documentales | ||
| 650 | |a Cortometrajes y Mediometrajes Norteamericanos | ||
| 650 | |a Cine Norteamericano - |y 2000-2009 | ||
| 650 | |a Cine Norteamericano - |y Siglo XXI | ||
| 650 | |a Reconciliación Nacional - |z Sierra Leona - |x Historia - |y 2002-2007 | ||
| 650 | |a Pacificación - |z Sierra Leona - |x Historia - |y 2002-2007 | ||
| 650 | |a Derechos Humanos - |z Sierra Leona - |x Historia - |y 2002-2007 - |x Tema Principal | ||
| 650 | |a Derecho Procesal Penal - |z Sierra Leona - |x Historia - |y 2002-2007 | ||
| 650 | |a Derecho y Política - |z Sierra Leona - |x Historia - |y 2002-2007 | ||
| 650 | |a Sierra Leona - |x Condiciones Jurídicas | ||
| 650 | |a Sierra Leona - |x Condiciones Políticas | ||
| 650 | |a Sierra Leona - |x Historia Militar | ||
| 650 | |a Política - |z Sierra Leona - |x Historia - |y Guerra Civil, 1991-2002 - |x Tema Principal | ||
| 650 | |a Política - |z Sierra Leona - |x Historia - |y 2002-2007 | ||
| 650 | |a Política - |z Sierra Leona - |x Historia - |y Siglo XX | ||
| 650 | |a Política - |z Sierra Leona - |x Historia - |y Siglo XXI | ||
| 650 | |a Política - |z Sierra Leona - |x Historia - |y Período Independiente, 1961 en Adelante | ||
| 740 | 0 | |a Witness to Truth : |b The Written Report of the Sierra Leone Truth and Reconciliation Commission / |c Sierra Leone Truth and Reconciliation Comission. | |
| 700 | |a Caldwell, Gillian |e (realización) | ||
| 700 | |a Caldwell, Gillian |e (producción) | ||
| 700 | |a Bah, Amadu Tejanie |e (fotógrafo) | ||
| 700 | |a Spitzer, Louis |e (montaje) | ||
| 700 | |a Bah, Amadu Tejanie |e (montaje) | ||
| 700 | |a Riley, David |e (montaje) | ||
| 700 | |a Riley, David |e (montaje) | ||
| 700 | |a Thomas, Christine |e (narración) | ||
| 910 | |a Fondo General | ||
| 920 | |a Audiovisuales - DVDs | ||
| 940 | |a Películas | ||
| 905 | |a 308 | ||
| 901 | |a 0500322278 |b IT2 |c DVR |u 20250521 | ||
| 901 | |a 0500322279 |b IT2 |c SWB |u 20250521 | ||
| 902 | |a https://opac.biblio.iteso.mx/vufind/Record/000262112 | ||